Partial equilibrium approach to the free-rider problem (Registro nro. 25709)
[ vista simple ]
| 000 -LEADER | |
|---|---|
| fixed length control field | 00414 a2200133 4500 |
| 001 - CONTROL NUMBER | |
| control field | ART_11658 |
| 005 - DATE AND TIME OF LATEST TRANSACTION | |
| control field | 20260410161859.0 |
| 008 - FIXED-LENGTH DATA ELEMENTS--GENERAL INFORMATION | |
| fixed length control field | 260409a |
| 100 1# - MAIN ENTRY--PERSONAL NAME | |
| Personal name | Green, Jerry R. |
| 245 10 - TITLE STATEMENT | |
| Title | Partial equilibrium approach to the free-rider problem |
| 700 1# - ADDED ENTRY--PERSONAL NAME | |
| Personal name | Kohlberg, Elon |
| 700 1# - ADDED ENTRY--PERSONAL NAME | |
| Personal name | Laffont, Jean-Jacques |
| 773 0# - HOST ITEM ENTRY | |
| Title | Journal of public economics |
| Related parts | - Vol. 6, Nº 4 (nov. 1976) |
| Record control number | REV11485 |
No hay ítems disponibles.